Kitabur-Rasul (Record no. 16263)

MARC details
000 -LEADER
fixed length control field 00636nam a2200241 a 4500
020 ## - INTERNATIONAL STANDARD BOOK NUMBER
ISBN 8171513042
082 00 - DEWEY DECIMAL CLASSIFICATION NUMBER
Classification number 340.59
Author Cutter HAS8
100 ## - MAIN ENTRY--AUTHOR NAME
Author name Hashmi, Yusuf Abbas
245 ## - TITLE STATEMENT
Title Kitabur-Rasul
Sub title The Constitutional Dictation of Muhammad (PBUH)
260 ## - PUBLICATION, DISTRIBUTION, ETC. (IMPRINT)
Place of publication New Delhi
Name of publisher Kitab Bhavan
Year of publication 2001
300 ## - PHYSICAL DESCRIPTION
Number of Pages 170p
500 ## - GENERAL NOTE
General note includes index and biblioraphy
505 2# - FORMATTED CONTENTS NOTE
Formatted contents note biblio, index
650 ## - SUBJECT ADDED ENTRY--TOPICAL TERM
Topical Term Islamic-Law
942 ## - ADDED ENTRY ELEMENTS (KOHA)
Koha item type Books
700 1# -
-- Hashmi, Yusuf Abbas
Holdings
Collection code Home library Current library Date acquired Cost, normal purchase price Full call number Accession Number Koha item type
  Henry Martyn Institute Library Henry Martyn Institute Library 04/03/2007 120.00 340.59 HAS8 021747 Books
                   Copyright © 2026 | Henry Martyn Institute | Hyderabad | TS-500052 | INDIA | Implemented by hmi.edu.in
Hit-Count:

Powered by Koha